000 01860nam a2200265 u 4500
001 000016320
003 DO-SdBNP
005 20250307115123.0
008 090708s1990 dr ac r 001 0 spa d
040 _aDO-SdBNP
_bspa
_cBNPHU
082 4 _a352.367
_bM828s
110 2 _aSeminario ANJE
_d(1989 :
_cSanto Domingo)
_936421
245 1 3 _aLa modernización del Estado dominicano.
260 _aSanto Domingo :
_bANJE,
_c1990.
300 _a177 p. :
_bil., retrs. ;
_c22 cm.
505 0 _tDiscurso de apertura /
_rJosé Florentino --
_tProceso de modernización de Estado dominicano /
_rManuel José Cabral, comentarios de César Miquel, Héctor Castro Noboa y Eduardo Latorre, preguntas y respuestas --
_tLa privatización en el proceso de modernización del Estado /
_rCarlos Despradel, comentario de José Israel Cuello, Andrés Dauhje hijo y Dario Árias preguntas y respuestas --
_tLa empresa privada y el proceso de democratización en América Latina /
_rEduardo Gamarra --
_tOrganización y administración del estado moderno /
_rLuís Augusto Ginebra Hernández, comentarios de Guillermo Amore, Maritza Amelia Guerrero y Camilo Lluberes --
_tLibre empresa y alternativa óptima para la modernización de Estado Frank A. Tejada C. --
_tAnexos --
_tDiscurso de clausura /
_rFelipe Mendoza
590 _aInventariado, 2018/BT
650 4 _aEmpresas estatales
_zRepública Dominicana
_912064
_vCongresos, conferencias, etc.
650 4 _aPolítica industrial
_936422
_vCongresos, conferencias, etc.
650 4 _aReforma del estado
_936423
_vCongresos, conferencias, etc.
651 4 _aRepública Dominicana
_xCongresos, Conferencias, Etc.
_zCondiciones Económicas
_y1961
_xCongresos, Conferencias, Etc.
_936424
710 2 _aAsociación Nacional de Jóvenes Empresarios (República Dominicana)
_918693
910 _aValidado. Control de calidad. MFF
942 _2ddc
_cLBS1
999 _c15855
_d15855